000 02115nim a2200409 i 4500
001 197320
003 ES-MaACL
005 20260220164319.0
007 ss lsnjlcipnne
008 190525s1991 sp nnnn |||| 00| spa d
040 _bspa
_cES-MaACL
245 0 0 _aCronilíricas de Aurora de Albornoz y El oro de Mallorca de Rubén Darío
_h[Grabación sonora] :
_bpresentación de los libros de la Colección Devenir /
_cintervienen Pureza Canelo, José Luis Cano, Teodosio Fernández, José Ramón Ripoll y Fanny Rubio ; presenta Miguel Losada
260 _aMadrid :
_bAteneo de Madrid,
_c1991
300 _a1 casete (ca. 90 min) :
_bson. ;
_c11 cm
490 1 _3Actos culturales en el Ateneo de Madrid
511 _aIntervienen Pureza Canelo, poetisa; José Luis Cano, escritor; Teodosio Fernández, autor; José Ramón Ripoll, escritor y poeta; y Fanny Rubio, investigadora y escritora. Modera Miguel Losada.
518 _aGrabado el 22 de febrero de 1991 en el Salón de Actos del Ateneo de Madrid.
520 _aPresentación de los libros de la Colección Devenir "Cronilíricas" de Aurora de Albornoz y "El oro de Mallorca" de Rubén Darío, en el LII aniversario de la muerte de Antonio Machado.
540 _aDocumento inédito
594 _5Datos basados en la invitación.
600 0 _aÁlbornoz, Aurora de,
_d1926-1990.
_tCronilíricas
_9240545
600 _aDarío, Rubén.
_tEl oro de Mallorca
_9240546
610 2 0 _aAteneo de Madrid-
_xActos culturales-
_y1991-
_vGrabaciones sonoras
_9240452
653 _aArchivo de la palabra
700 1 _aLosada, Miguel
_emod
_974261
700 1 _934483
_aCanelo, Pureza,
_d1946-
_eora
700 1 _934532
_aCano, José Luis,
_d1912-1999
_eora
700 0 _949431
_aFernández, Teodosio
_eora
700 0 _997427
_aRipoll, José Ramón,
_d1952-
_eora
700 1 _9100343
_aRubio, Fanny,
_d1949-
_eora
710 2 _91875
_aAteneo de Madrid
_ehis
830 0 _aActos culturales en el Ateneo de Madrid
_9240237
852 _aES-MaACL
_cDEPOZ
_9205611
942 _2udc
_n0
_cCINTASAUD
999 _c197320
_d197320